Loading...
KFRI Handbook No.22. Annotated Biography on Teak (Tectona grandis Linn.f.)
| Main Author: | |
|---|---|
| Format: | Printed Book |
| Language: | Undetermined |
| Published: |
Peechi
Kerala forest research institute
2004
|
| LEADER | 00559nam a2200157Ia 4500 | ||
|---|---|---|---|
| 008 | 140316s9999 xx 000 0 und d | ||
| 020 | |a 8185041601 | ||
| 082 | |a 583.96 |b SAR/AN | ||
| 100 | |a Sarojam,N | ||
| 245 | |a KFRI Handbook No.22. Annotated Biography on Teak (Tectona grandis Linn.f.) | ||
| 260 | |a Peechi |b Kerala forest research institute |c 2004 | ||
| 300 | |a 549 | ||
| 650 | |||
| 942 | |2 ddc |c BK | ||
| 999 | |c 10118 |d 10118 | ||
| 952 | |0 0 |1 0 |2 ddc |4 0 |6 583_960000000000000_SARAN |7 0 |9 11319 |a KAUCLV |b KAUCLV |c GENERAL |d 2014-03-18 |o 583.96 SAR/AN |p 218668 |r 2014-03-18 |w 2014-03-18 |y BK | ||